İçeriği atla

Сестринская помощь при нарушениях психического здоровья учебник для спо

Учебник по дисциплине «Сестринская помощь при нарушениях психического здоровья» соответствует требованиям Федерального государственного образовательного стандарта среднего профессионального образования по специальности «Сестринское дело», адаптирован к образовательным технологиям с учетом специфики...

Ful tanımlama

Kaydedildi:
Detaylı Bibliyografya
Yazar: Соловьева А. А.
Materyal Türü: Книга
Dil:Russian
Baskı/Yayın Bilgisi: Санкт-Петербург Лань 2023
Edisyon:3-е изд., стер.
Konular:
Online Erişim:https://e.lanbook.com/book/302321
https://e.lanbook.com/img/cover/book/302321.jpg
Etiketler: Etiketle
Etiket eklenmemiş, İlk siz ekleyin!
LEADER 02510nam0a2200421 i 4500
001 302321
003 RuSpLAN
005 20230130153541.0
008 230130s2023 ru gs 000 0 rus
020 |a 978-5-507-46213-1 
040 |a RuSpLAN 
041 0 |a rus 
044 |a ru 
080 |a 616.89 
084 |a 56.14я723  |2 rubbk 
245 0 0 |a Сестринская помощь при нарушениях психического здоровья  |b учебник для спо  |c Соловьева А. А. 
250 |a 3-е изд., стер. 
260 |a Санкт-Петербург  |b Лань  |c 2023 
300 |a 364 с. 
504 |a Библиогр.: доступна в карточке книги, на сайте ЭБС Лань 
520 8 |a Учебник по дисциплине «Сестринская помощь при нарушениях психического здоровья» соответствует требованиям Федерального государственного образовательного стандарта среднего профессионального образования по специальности «Сестринское дело», адаптирован к образовательным технологиям с учетом специфики обучения по специальности «Сестринское дело». Также может использоваться студентами высшего сестринского образования при изучении нарушений психологического здоровья. 
521 8 |a Книга из коллекции Лань - Медицина 
653 0 |a Сестринский уход 
653 0 |a сестринское дело 
653 0 |a уход за пациентами 
653 0 |a психиатрия 
653 0 |a психические болезни 
653 0 |a шизофрения 
653 0 |a эпилепсия 
653 0 |a алкоголизм 
653 0 |a наркомания 
653 0 |a пограничные расстройства 
653 0 |a биполярное аффективное расстройство 
653 0 |a психическое здоровье 
100 1 |a Соловьева А. А. 
856 4 |u https://e.lanbook.com/book/302321 
856 4 8 |u https://e.lanbook.com/img/cover/book/302321.jpg 
953 |a https://e.lanbook.com/img/cover/book/302321.jpg